[Event "DOM-ch"]
[Site "Santo Domingo"]
[Date "2021.05.22"]
[Round "10"]
[White "Canela Vasquez, Miguel William"]
[Black "Arvelo Leo, Gian Carlo"]
[Result "1/2-1/2"]
[WhiteElo "1925"]
[BlackElo "2115"]
[PlyCount "59"]
[EventDate "2021.05.07"]
[EventType "swiss"]
[EventRounds "11"]
[EventCountry "DOM"]
[SourceTitle "CBM 203 Extra"]
[Source "ChessBase"]
[SourceDate "2021.09.30"]
[SourceVersion "1"]
[SourceVersionDate "2021.09.30"]
[SourceQuality "1"]

1. c4 e5 2. Nc3 Nc6 3. g3 f5 4. Bg2 Nf6 5. d3 Bb4 6. Nf3 0-0 7. 0-0 Bxc3 8. bxc3 d6 9. Rb1 Qe8 10. Qc2 Qh5 11. Bg5 f4 12. gxf4 Bh3 13. Bxh3 Qxh3 14. Bxf6 Rxf6 15. Kh1 Rh6 16. Rg1 Rf8 17. Rg3 Qh5 18. Rg5 Qh3 19. Rg3 Qf5 20. fxe5 Nxe5 21. Nxe5 dxe5 22. Qc1 Rh4 23. Qg1 g6 24. Rf3 Qh5 25. Rxf8+ Kxf8 26. f3 b6 27. Qg3 Rh3 28. Qg2 Qh6 29. Rf1 g5 30. d4 1/2-1/2

[Event "DOM-ch"]
[Site "Santo Domingo"]
[Date "2021.05.15"]
[Round "7"]
[White "Barjan Pinedo, Jose Antonio"]
[Black "Canela Vasquez, Miguel William"]
[Result "1-0"]
[WhiteElo "2054"]
[BlackElo "1925"]
[PlyCount "85"]
[EventDate "2021.05.07"]
[EventType "swiss"]
[EventRounds "11"]
[EventCountry "DOM"]
[SourceTitle "CBM 203 Extra"]
[Source "ChessBase"]
[SourceDate "2021.09.30"]
[SourceVersion "1"]
[SourceVersionDate "2021.09.30"]
[SourceQuality "1"]

1. e4 c6 2. d4 d5 3. e5 Bf5 4. g4 Bd7 5. Bd3 e6 6. h4 c5 7. c3 Nc6 8. Nf3 Qb6 9. dxc5 Bxc5 10. Qe2 Rc8 11. Nbd2 Qc7 12. Nb3 Be7 13. Bg5 a6 14. Kf1 h5 15. gxh5 Rxh5 16. Re1 g6 17. Bxe7 Ngxe7 18. Ng5 Nxe5 19. Qxe5 Qxe5 20. Rxe5 f6 21. Rxe6 Bxe6 22. Nxe6 Kf7 23. Nf4 Rhh8 24. h5 gxh5 25. Rxh5 Rxh5 26. Nxh5 b6 27. Nf4 a5 28. Nd4 Rh8 29. Nf5 Nxf5 30. Bxf5 Rd8 31. Be6+ Ke7 32. Bxd5 Kd6 33. c4 b5 34. b3 bxc4 35. Bxc4 Ke5 36. Ne6 Rc8 37. a4 Ke4 38. Ke2 f5 39. f3+ Ke5 40. Ke3 Rh8 41. f4+ Kd6 42. Ng7 Rf8 43. Kd4 1-0

[Event "DOM-ch"]
[Site "Santo Domingo"]
[Date "2021.05.07"]
[Round "1"]
[White "Camacho Campusano, David Daniel"]
[Black "Canela Vasquez, Miguel William"]
[Result "1-0"]
[WhiteElo "2199"]
[BlackElo "1925"]
[PlyCount "25"]
[EventDate "2021.05.07"]
[EventType "swiss"]
[EventRounds "11"]
[EventCountry "DOM"]
[SourceTitle "CBM 203 Extra"]
[Source "ChessBase"]
[SourceDate "2021.09.30"]
[SourceVersion "1"]
[SourceVersionDate "2021.09.30"]
[SourceQuality "1"]

1. e4 c6 2. Nc3 d5 3. Nf3 Bg4 4. h3 Bxf3 5. Qxf3 e6 6. d4 dxe4 7. Qxe4 Nf6 8. Qh4 Qb6 9. Bd2 Qxb2 10. Rb1 Qxc2 11. Rxb7 Be7 12. Qg3 Nbd7 13. Bd3 1-0

[Event "Santo Domingo De La Madre op"]
[Site "Santo Domingo"]
[Date "2018.05.25"]
[Round "4"]
[White "Steel Stephen, Daniel Alberto"]
[Black "Canela Vasquez, Miguel William"]
[Result "0-1"]
[WhiteElo "1846"]
[BlackElo "1927"]
[PlyCount "48"]
[EventDate "2018.05.18"]
[EventType "swiss"]
[EventRounds "8"]
[EventCountry "DOM"]
[SourceTitle "CBM 184 Extra"]
[Source "ChessBase"]
[SourceDate "2018.06.28"]
[SourceVersion "1"]
[SourceVersionDate "2018.06.28"]
[SourceQuality "1"]

1. d4 Nf6 2. c4 e5 3. dxe5 Ng4 4. Bf4 Nc6 5. Nf3 Bb4+ 6. Nc3 Qe7 7. Qd5 f6 8. exf6 Nxf6 9. Qd3 d6 10. Rc1 0-0 11. e3 Bxc3+ 12. bxc3 Ne5 13. Bxe5 dxe5 14. Qc2 e4 15. Nd2 Ng4 16. Nxe4 Nxf2 17. Qxf2 Rxf2 18. Nxf2 Qxe3+ 19. Kd1 Qxf2 20. Rc2 Bg4+ 21. Kc1 Qe3+ 22. Kb2 Rd8 23. c5 Bd1 24. Bc4+ Kh8 0-1

[Event "Santo Domingo op11"]
[Site "Santo Domingo"]
[Date "2017.11.17"]
[Round "1"]
[White "Canela Vasquez, Miguel William"]
[Black "Mesa Cruz, Juan Carlos"]
[Result "0-1"]
[WhiteElo "1945"]
[BlackElo "1579"]
[PlyCount "54"]
[EventDate "2017.11.17"]
[EventType "swiss"]
[EventRounds "8"]
[EventCountry "DOM"]
[SourceTitle "CBM 181 Extra"]
[Source "ChessBase"]
[SourceDate "2017.12.12"]
[SourceVersion "1"]
[SourceVersionDate "2017.12.12"]
[SourceQuality "1"]

1. c4 Nf6 2. Nc3 g6 3. Nf3 Bg7 4. g3 0-0 5. Bg2 d6 6. 0-0 Nbd7 7. d3 Re8 8. Bg5 c6 9. Rb1 Nc5 10. b4 Ne6 11. Bd2 a5 12. b5 c5 13. b6 Nd7 14. Nd5 Ra6 15. Qa4 Ne5 16. Nxe5 Bxe5 17. Bxa5 Bd7 18. Qa3 Qa8 19. Nc7 Rxa5 20. Nxa8 Rxa3 21. Nc7 Nxc7 22. bxc7 Rc8 23. Rxb7 Rxa2 24. Rfb1 Ra1 25. Rxa1 Bxa1 26. Rb8 Kg7 27. Bb7 Rxc7 0-1

[Event "DOM-ch"]
[Site "Santo Domingo"]
[Date "2016.04.15"]
[Round "9"]
[White "Canela Vasquez, Miguel William"]
[Black "Perez Florentino, Yordan Nicolas"]
[Result "1-0"]
[WhiteElo "1919"]
[BlackElo "1741"]
[PlyCount "67"]
[EventDate "2016.04.01"]
[EventType "swiss"]
[EventRounds "11"]
[EventCountry "DOM"]
[SourceTitle "CBM 171 Extra"]
[Source "ChessBase"]
[SourceDate "2016.04.26"]
[SourceVersion "1"]
[SourceVersionDate "2016.04.26"]
[SourceQuality "1"]

1. c4 Nf6 2. Nc3 g6 3. Nf3 Bg7 4. g3 0-0 5. d4 d6 6. Bg2 Nc6 7. 0-0 Re8 8. Bg5 a6 9. Rc1 Bg4 10. Qd2 Qd7 11. Rfd1 Nd8 12. d5 Qc8 13. b4 b6 14. Bh6 Rb8 15. Bxg7 Kxg7 16. Nd4 Bh3 17. Bh1 Nd7 18. Ne4 Ne5 19. Qc3 Kg8 20. c5 bxc5 21. bxc5 Qb7 22. f4 Ng4 23. Ng5 dxc5 24. Nb3 Qb6 25. Nxh3 e6 26. Bf3 Nh6 27. Qxc5 Nf5 28. Qxb6 cxb6 29. d6 Rf8 30. e4 Nh6 31. e5 f5 32. Ng5 Ndf7 33. Nxe6 Rfe8 34. Bd5 1-0

[Event "DOM-ch"]
[Site "Santo Domingo"]
[Date "2016.04.02"]
[Round "2"]
[White "Canela Vasquez, Miguel William"]
[Black "Diaz Garcia, Roberto"]
[Result "0-1"]
[WhiteElo "1919"]
[BlackElo "2048"]
[PlyCount "120"]
[EventDate "2016.04.01"]
[EventType "swiss"]
[EventRounds "11"]
[EventCountry "DOM"]
[SourceTitle "CBM 171 Extra"]
[Source "ChessBase"]
[SourceDate "2016.04.26"]
[SourceVersion "1"]
[SourceVersionDate "2016.04.26"]
[SourceQuality "1"]

1. c4 e6 2. Nf3 Nf6 3. Nc3 d5 4. d4 c6 5. Bg5 Bb4 6. e3 Nbd7 7. Rc1 Qa5 8. Qb3 Ne4 9. cxd5 exd5 10. Bd3 0-0 11. 0-0 Nxg5 12. Nxg5 Nf6 13. e4 dxe4 14. Ncxe4 Nxe4 15. Nxe4 Be6 16. Qd1 Rfe8 17. a3 Bf8 18. Re1 Rad8 19. Nc5 Bxc5 20. dxc5 Bd5 21. Rc3 Qc7 22. Bf1 Qf4 23. Qc1 Qxc1 24. Rcxc1 Kf8 25. f3 Rxe1 26. Rxe1 Be6 27. Kf2 Rd2+ 28. Re2 Rd1 29. Re1 Rd2+ 30. Re2 Rd1 31. Re3 a5 32. Rd3 Rxd3 33. Bxd3 g6 34. Ke3 Ke7 35. Kd4 Bd5 36. Bc4 Bxc4 37. Kxc4 Ke6 38. Kd4 h5 39. Ke4 h4 40. h3 f5+ 41. Kd4 g5 42. b3 Kf6 43. b4 axb4 44. axb4 Ke6 45. Kc4 Ke5 46. b5 Kf4 47. bxc6 bxc6 48. Kd4 Kg3 49. Ke5 Kxg2 50. Kxf5 Kxf3 51. Kxg5 Kg3 52. Kf5 Kxh3 53. Ke6 Kg4 54. Kd6 h3 55. Kxc6 h2 56. Kd7 h1Q 57. c6 Qd5+ 58. Kc7 Kf5 59. Kb6 Ke6 60. c7 Kd7 0-1

[Event "Santo Domingo Duarte Memorial 5th"]
[Site "Santo Domingo"]
[Date "2016.01.16"]
[Round "7"]
[White "Canela Vasquez, Miguel William"]
[Black "Mendez, Ruddy Antonio"]
[Result "0-1"]
[WhiteElo "1918"]
[BlackElo "2030"]
[PlyCount "76"]
[EventDate "2016.01.08"]
[EventType "swiss"]
[EventRounds "8"]
[EventCountry "DOM"]
[SourceTitle "CBM 170 Extra"]
[Source "ChessBase"]
[SourceDate "2016.02.25"]
[SourceVersion "1"]
[SourceVersionDate "2016.02.25"]
[SourceQuality "1"]

1. c4 e5 2. Nc3 f5 3. d3 Nf6 4. Nf3 d6 5. g3 Be7 6. Bg2 0-0 7. Rb1 Qe8 8. 0-0 Qh5 9. Bg5 Nbd7 10. Bxf6 Nxf6 11. Nd5 Bd8 12. Nxf6+ Rxf6 13. e4 fxe4 14. dxe4 c6 15. Nd2 Bg4 16. f3 Bb6+ 17. Kh1 Qxh2+ 18. Kxh2 Rh6+ 19. Bh3 Bxh3 20. c5 Bxf1+ 21. Kg1 Bxc5+ 22. Kxf1 Rh1+ 23. Ke2 Rxd1 24. Rxd1 Rd8 25. Nc4 Bd4 26. b3 Kf7 27. f4 Ke6 28. f5+ Kf6 29. Kf3 d5 30. Nd2 Bc3 31. exd5 Bxd2 32. Rxd2 cxd5 33. g4 Kg5 34. Rh2 h6 35. Rh5+ Kf6 36. Rh2 Rc8 37. Rd2 Rc3+ 38. Ke2 d4 0-1